Flagi państw na literę E - Statystyki

Ogólne statystyki
  • Ten quiz został rozwiązany 5 238 razy
  • Średni wynik to 5 z 6
Statystyki odpowiedzi
Obrazkowy Odpowiedź % Poprawnych
Estonia
100%
Egipt
97%
Ekwador
94%
Etiopia
91%
Erytrea
80%
Eswatini
75%
Nie znaleziono quizów pasujących do podanych kryteriów
Rozkład punktacji
Procent ludzi z każdym wynikiem
Percentyl według liczby udzielonych odpowiedzi
Twoja historia wyników
Nie rozwiązałeś tego quizu